| 000 | 00744cam a2200241 a 4500 | ||
|---|---|---|---|
| 001 | 708280 | ||
| 005 | 20180129071052.0 | ||
| 008 | 970414s1997 vau b 000 0 eng | ||
| 010 | _a 97016708 | ||
| 020 | _a0871202867 | ||
| 040 |
_aDLC _cDLC _dDLC |
||
| 041 | _aeng | ||
| 043 | _an-us--- | ||
| 080 | _a375.001 hay | ||
| 082 | 0 | 0 |
_a375.001 hay _221 |
| 100 | 1 | _a46 | |
| 101 | _aedu | ||
| 245 | 1 | 0 |
_aMapping the big picture : _cHeidi Hayes Jacobs. |
| 504 | _aIncludes bibliographical references (p. 59). | ||
| 906 |
_a7 _bcbc _corignew _d1 _eocip _f19 _gy-gencatlg |
||
| 942 |
_2ddc _cBK |
||
| 999 |
_c41154 _d41154 |
||